• 首页
  • 本馆介绍
  • 公告通知
  • 最新文献
  • 馆藏检索
  • 电子资源
  • 读者导购
  • 参考咨询
  • 我的图书馆
  • 登录
  • 详细信息显示
  • 放入我的书架
  • 预约/预借图书
  • 作者相关作品
  • 分类相关作品
  • 丛书相关作品
  • 出版社相关作品

书目信息

  • 表格格式
  • 工作单格式
  • 卡片格式
题名:
小津
    
 
作者: 里奇 著 ;连城 译
分册:  
出版信息: 上海   上海译文出版社  2014.01
页数: 317页
开本: 22cm
丛书名: 睿文馆
单 册:
中图分类: J911
科图分类:
主题词: 电影导演 , 导演艺术
电子资源:
ISBN: 978-7-5327-6439-6
000 01174oam2 2200325 450
001 0120131198752
005 20140610083549.98
010    @a978-7-5327-6439-6@b精装@dCNY52.00
100    @a20140313d2014 em y0chiy0110 ea
101 1  @achi@ceng
102    @aCN@b310000
105    @aa z 000yy
106    @ar
200 1  @a小津@9xiao jin@dOzu@f(美)唐纳德·里奇(Donald Richie)著@g连城译@zeng
210    @a上海@c上海译文出版社@d2014.01
215    @a317页@c图,照片@d22cm
225 2  @a睿文馆@v03
330    @a这本书是西方首部系统研究和介绍小津安二郎电影艺术的专著,也是著名日本电影专家唐纳德·里奇的代表作。里奇通过对小津电影的主题、编剧、拍摄、剪接之深入分析,窥探其电影文法与美学风格,并以此展现了蕴藏在小津作品中的日本历史、社会及文化意涵。
333    @a影视艺术爱好者
461  0 @12001 @a睿文馆@v03
510 1  @aOzu@zeng
600  0 @a小津安二郎@f(1903-1963)@x电影导演@x导演艺术
600  0 @a小津安二郎@f(1903-1963)
606 0  @a电影导演
606 0  @a导演艺术
690    @aJ911@v5
701  0 @c(美)@a里奇@9li qi@c(Richie, Donald@f1924-)@4著
702  0 @a连城@9lian cheng@4译
801  0 @aCN@b人天书店@c20140313
905    @b846963-65@dJ911@e279@f3
    
    小津=Ozu/(美)唐纳德·里奇(Donald Richie)著/连城译.-上海:上海译文出版社,2014.01
    317页:图,照片;22cm.-(睿文馆;03)
    使用对象:影视艺术爱好者
    
    ISBN 978-7-5327-6439-6(精装):CNY52.00
    这本书是西方首部系统研究和介绍小津安二郎电影艺术的专著,也是著名日本电影专家唐纳德·里奇的代表作。里奇通过对小津电影的主题、编剧、拍摄、剪接之深入分析,窥探其电影文法与美学风格,并以此展现了蕴藏在小津作品中的日本历史、社会及文化意涵。
●
相关链接 在E读中查询图书 在五车中查询图书 在当当中查询图书 在豆瓣中查询图书


正题名:小津     索取号:J911/279         预约/预借

序号 登录号 条形码 馆藏地/架位号 状态 备注
1 846963   208469637   第一样本阅览室/ [索取号:J911/279] 在馆    
2 846964   208469646   第一借阅区/ [索取号:J911/279] 在馆    
3 846965   208469655   第一借阅区/ [索取号:J911/279] 在馆    
唐山师范学院图书馆 欢迎您!
大连网信软件有限公司© 版权所有